• 首页
  • 本馆介绍
  • 公告通知
  • 最新文献
  • 馆藏检索
  • 电子资源
  • 读者导购
  • 参考咨询
  • 我的图书馆
  • 登录
  • 详细信息显示
  • 放入我的书架
  • 预约/预借图书
  • 作者相关作品
  • 分类相关作品
  • 丛书相关作品
  • 出版社相关作品

书目信息

  • 表格格式
  • 工作单格式
  • 卡片格式
题名:
卫生防疫资料汇编
    
 
作者: ;唐山市卫生防疫站 编
分册: 1978年第三期  
出版信息: 唐山    1979
页数: 194页
开本: 20cm
丛书名:
单 册:
中图分类: R11
科图分类:
主题词: 卫生学:基础理论
电子资源:
ISBN:
000 00623nam0 2200181 450
001 0638658156
005 20060703173350.15
100    @a20060429d1979 km y0chiy0120 ea
101 0  @achi
200 1  @a卫生防疫资料汇编@Awei sheng fang yi zi liao hui bian@h1978年第三期@e抗震卫生专辑@f唐山市卫生防疫站编@Ftang shan shi wei sheng fang yi zhan bian
210    @a唐山@d1979
215    @a194页@d20cm
517 1  @a抗震卫生专辑@Akang zhen wei sheng zhuan ji
606 0  @a卫生学:基础理论
690    @aR11@v3
711  0 @a唐山市卫生防疫站@Atang shan shi wei sheng fang yi zhan@4编
801  0 @aCN@bPFT@c20060703
905    @a10447@dR11@e4:3
    
    卫生防疫资料汇编.1978年第三期:抗震卫生专辑/唐山市卫生防疫站编.-唐山,1979
    194页;20cm
    
    
    ISBN :
    
●
相关链接 在E读中查询图书 在五车中查询图书 在当当中查询图书 在豆瓣中查询图书


正题名:卫生防疫资料汇编     索取号:R11/4:3         预约/预借

序号 登录号 条形码 馆藏地/架位号 状态 备注
1 0014875   202293400   密集书库/ [索取号:R11/4:3] 在馆    
唐山师范学院图书馆 欢迎您!
大连网信软件有限公司© 版权所有